KOHA-Header-6

The Social Studies Teacher's Toolbox: Hundreds of Practical Ideas to Support Your Students (Record no. 13741)

000 -LEADER
fixed length control field 00362nam a22001217a 4500
020 ## - INTERNATIONAL STANDARD BOOK NUMBER
ISBN 978-1119572053
082 ## - DEWEY DECIMAL CLASSIFICATION NUMBER
Classification number 300.712
100 ## - MAIN ENTRY--AUTHOR NAME
Personal name Elisabeth Johnson ; Evelyn Ramos Lamarr
245 ## - TITLE STATEMENT
Title The Social Studies Teacher's Toolbox: Hundreds of Practical Ideas to Support Your Students
260 ## - PUBLICATION, DISTRIBUTION, ETC. (IMPRINT)
Place of publication USA
Name of publisher Jossey-Bass
Year of publication 2020
300 ## - PHYSICAL DESCRIPTION
Number of Pages xxx, 466 pages
942 ## - ADDED ENTRY ELEMENTS (KOHA)
Koha item type Books
Holdings
Withdrawn status Lost status Collection code Permanent Location Current Location Shelving location Date acquired Full call number Accession Number Koha item type
    Psychology MAJU MAJU Shelf No.A35 2023-03-20 300.712 10838 Books

Powered by Koha